[Event "NAYCC U14"]
[Site "Kingston CAN"]
[Date "2019.08.16"]
[Round "1.134"]
[White "Mai, Deren"]
[Black "Mao, Fengxi"]
[Result "0-1"]
[WhiteElo "1277"]
[BlackElo "2111"]
[PlyCount "94"]
[EventDate "2019.08.16"]
[EventType "swiss"]
[EventRounds "9"]
[EventCountry "CAN"]

1. e4 e6 2. d4 d5 3. Nc3 Bb4 4. e5 c5 5. Nf3 Ne7 6. a3 Bxc3+ 7. bxc3 Qa5 8. Bd2
Qa4 9. Bd3 c4 10. Be2 Bd7 11. h4 Nbc6 12. h5 h6 13. O-O O-O-O 14. Nh4 Rdg8 15.
Qc1 Kb8 16. Rb1 Nc8 17. g3 Nb6 18. Kg2 Bc8 19. Rh1 Qa5 20. Qb2 Nxd4 21. cxd4
Qxd2 22. Nf3 Qxe2 23. Rhe1 c3 24. Qxb6 Qxf3+ 25. Kxf3 axb6 26. Rxb6 Rd8 27.
Reb1 Rd7 28. a4 Rhd8 29. a5 Ka7 30. R1b3 Rc7 31. Ke3 Rdd7 32. f4 Rc4 33. g4
Rdc7 34. g5 R7c6 35. gxh6 gxh6 36. Kd3 Ra4 37. Rxc6 bxc6 38. Rxc3 Rc4 39. Rxc4
Ba6 40. Kc3 Bxc4 41. Kb4 Be2 42. Kc5 Bxh5 43. Kd6 Bg6 44. Kxc6 Bxc2 45. Kd7 Bg6
46. Ke7 h5 47. Kf6 h4 0-1

[Event "NAYCC U14"]
[Site "Kingston CAN"]
[Date "2019.08.16"]
[Round "1.135"]
[White "Zheng, Kevin"]
[Black "Wang, Oscar"]
[Result "0-1"]
[WhiteElo "2058"]
[BlackElo "1787"]
[PlyCount "52"]
[EventDate "2019.08.16"]
[EventType "swiss"]
[EventRounds "9"]
[EventCountry "CAN"]

1. d4 Nf6 2. c4 g6 3. Nc3 d5 4. Bf4 Bg7 5. e3 O-O 6. Nf3 c5 7. dxc5 Qa5 8. Rc1
Qxc5 9. cxd5 Rd8 10. Qd2 Nc6 11. e4 e6 12. Nb5 Qf8 13. Nc3 exd5 14. exd5 Nb4
15. Bg5 Nbxd5 16. Bxf6 Nxf6 17. Qf4 Bh6 18. Qxf6 Bxc1 19. Bc4 Re8+ 20. Ne5 Be6
21. Bb5 Bxb2 22. O-O Bxc3 23. Bxe8 Bxe5 24. Bxf7+ Qxf7 25. Qxe5 Rf8 26. a3 Bc4
0-1

[Event "NAYCC U14"]
[Site "Kingston CAN"]
[Date "2019.08.16"]
[Round "1.136"]
[White "Ran, Charles"]
[Black "Craciun, David"]
[Result "0-1"]
[WhiteElo "1619"]
[BlackElo "1949"]
[PlyCount "78"]
[EventDate "2019.08.16"]
[EventType "swiss"]
[EventRounds "9"]
[EventCountry "CAN"]

1. e4 e5 2. Nf3 Nc6 3. Bc4 Bc5 4. c3 Nf6 5. d3 a6 6. O-O d6 7. h3 h6 8. Re1 O-O
9. Nbd2 Ba7 10. a3 Be6 11. Ba2 Re8 12. Nf1 d5 13. Ng3 Qd7 14. exd5 Bxd5 15.
Bxd5 Nxd5 16. c4 Nf4 17. Bxf4 exf4 18. Ne2 Qf5 19. Qd2 g5 20. d4 Rad8 21. d5 h5
22. Nc3 Na5 23. Ne4 Nxc4 24. Qc2 Ne3 25. fxe3 Rxe4 26. Nxg5 Re5 27. Qxf5 Rxf5
28. Nf3 Rfxd5 29. Kh2 fxe3 30. Rac1 Rb5 31. Rc2 Kg7 32. b4 Rd3 33. a4 Rxb4 34.
Ne5 Rd5 35. Rxc7 Rxe5 36. Rf1 e2 37. Rfxf7+ Kg6 38. Rg7+ Kf5 39. Rcf7+ Ke4 0-1

[Event "NAYCC U14"]
[Site "Kingston CAN"]
[Date "2019.08.16"]
[Round "1.137"]
[White "Wang, Paul"]
[Black "Wang, Edward"]
[Result "1-0"]
[WhiteElo "1977"]
[BlackElo "1111"]
[PlyCount "109"]
[EventDate "2019.08.16"]
[EventType "swiss"]
[EventRounds "9"]
[EventCountry "CAN"]

1. e4 c6 2. d4 d5 3. e5 Bf5 4. h4 h6 5. g4 Bh7 6. Bd3 Bxd3 7. Qxd3 e6 8. f4 c5
9. f5 cxd4 10. Nf3 Bc5 11. fxe6 Qc7 12. Qb5+ Qc6 13. exf7+ Kxf7 14. Qd3 Qe6 15.
Rf1 Ke8 16. Qf5 Qxf5 17. gxf5 Ne7 18. f6 gxf6 19. exf6 Nf5 20. Ne5 Nxh4 21. f7+
Kd8 22. Nd2 Nd7 23. Ndf3 Nxf3+ 24. Nxf3 Ke7 25. Nh4 Ne5 26. Bxh6 Rxh6 27. Nf5+
Kxf7 28. Nxh6+ Kg6 29. Nf5 Ng4 30. O-O-O Rf8 31. Nh4+ Kh5 32. Rxf8 Bxf8 33. Nf5
Ne3 34. Nxe3 dxe3 35. Rxd5+ Kg4 36. Kd1 b6 37. Ke2 Bh6 38. Rd7 Kf4 39. Rxa7 Bg5
40. Rb7 Bf6 41. Rxb6 Be7 42. Re6 Bc5 43. a4 Bd4 44. b4 Bc3 45. b5 Be5 46. Rxe5
Kxe5 47. Kxe3 Kd5 48. c4+ Kc5 49. a5 Kd6 50. a6 Kc7 51. c5 Kb8 52. b6 Ka8 53.
c6 Kb8 54. c7+ Ka8 55. c8=Q# 1-0

[Event "NAYCC U14"]
[Site "Kingston CAN"]
[Date "2019.08.16"]
[Round "1.138"]
[White "Lang, Quintin"]
[Black "Modi, Ethan"]
[Result "1-0"]
[WhiteElo "1103"]
[BlackElo "1980"]
[PlyCount "81"]
[EventDate "2019.08.16"]
[EventType "swiss"]
[EventRounds "9"]
[EventCountry "CAN"]

1. e4 c6 2. d4 d5 3. Nc3 dxe4 4. Nxe4 Nd7 5. Nf3 Ngf6 6. Ng3 e6 7. Bd3 c5 8. c3
cxd4 9. cxd4 Bb4+ 10. Bd2 Bxd2+ 11. Qxd2 b6 12. O-O Bb7 13. Be2 O-O 14. Rfd1
Qe7 15. a4 a6 16. Rac1 Nd5 17. Nf1 N7f6 18. Qg5 Qb4 19. Qd2 Qxa4 20. Rc4 Qe8
21. Ng3 Qe7 22. Ne5 Rac8 23. Rdc1 Rxc4 24. Rxc4 Nd7 25. Qc1 f6 26. Nc6 Qe8 27.
Ne4 Qa8 28. Nd6 Bxc6 29. Rxc6 Nc5 30. Rxb6 Nxb6 31. dxc5 Nc8 32. Nxc8 Rxc8 33.
Bf3 Qb8 34. Qc4 Qe5 35. g3 Rxc5 36. Qxa6 Rb5 37. Bc6 Rb8 38. b3 Qc7 39. Qc4 Rb6
40. Qxe6+ Kf8 41. Qe8# 1-0

[Event "NAYCC U14"]
[Site "Kingston CAN"]
[Date "2019.08.16"]
[Round "1.139"]
[White "Hua, Charles"]
[Black "Wang, Robert"]
[Result "1-0"]
[WhiteElo "2062"]
[BlackElo "1287"]
[PlyCount "97"]
[EventDate "2019.08.16"]
[EventType "swiss"]
[EventRounds "9"]
[EventCountry "CAN"]

1. e4 e5 2. Nf3 Nc6 3. Bb5 a6 4. Ba4 Nf6 5. d3 b5 6. Bb3 Bc5 7. O-O O-O 8. Nbd2
d6 9. c3 Bg4 10. h3 Bh5 11. Re1 Re8 12. Nf1 h6 13. Ng3 Bg6 14. Nh2 Rb8 15. Ng4
Nxg4 16. Qxg4 Qf6 17. Kh1 Qe7 18. Qxg6 Kh8 19. Qg4 Qf6 20. Nh5 Qg6 21. Be3 Qxg4
22. hxg4 Bxe3 23. fxe3 Rf8 24. Rf1 f6 25. d4 Ne7 26. Ng3 g6 27. Rf3 Kg7 28. Rd1
Rbd8 29. dxe5 dxe5 30. Rff1 c6 31. Rxd8 Rxd8 32. Rd1 Re8 33. Rd7 Kf8 34. Kg1
Ra8 35. Nh1 c5 36. Bd5 Rb8 37. Rd6 f5 38. Rf6+ Ke8 39. gxf5 gxf5 40. Rxh6 Kd7
41. Be6+ Kc7 42. exf5 Rf8 43. f6 Nc6 44. Ng3 Kd6 45. f7 Ke7 46. Nf5+ Kd8 47. g4
e4 48. g5 Ne5 49. g6 1-0

[Event "NAYCC U14"]
[Site "Kingston CAN"]
[Date "2019.08.16"]
[Round "1.140"]
[White "Clarke, Adam"]
[Black "Richard, Leo"]
[Result "0-1"]
[WhiteElo "1072"]
[BlackElo "1940"]
[PlyCount "58"]
[EventDate "2019.08.16"]
[EventType "swiss"]
[EventRounds "9"]
[EventCountry "CAN"]

1. d4 d5 2. Nc3 Bf5 3. Nf3 e6 4. e3 Nf6 5. Bd3 Bg6 6. e4 dxe4 7. Nxe4 Nxe4 8.
Be3 Nf6 9. O-O Be7 10. g3 Nd5 11. Ne5 Nxe3 12. fxe3 Bf6 13. Nxg6 hxg6 14. Be4
c6 15. c4 Qe7 16. d5 exd5 17. cxd5 Qxe4 18. d6 Qxe3+ 19. Kh1 Qe4+ 20. Rf3 Kd7
21. Qb3 Qd5 22. Qxb7+ Kxd6 23. Kg2 Nd7 24. Qb4+ Kc7 25. Qf4+ Ne5 26. Raf1 g5
27. Qe3 g4 28. Kg1 Nxf3+ 29. Kf2 Rxh2# 0-1

[Event "NAYCC U14"]
[Site "Kingston CAN"]
[Date "2019.08.16"]
[Round "1.141"]
[White "Gao, Raymond"]
[Black "He, Jinglai"]
[Result "1/2-1/2"]
[WhiteElo "2136"]
[BlackElo "1398"]
[PlyCount "54"]
[EventDate "2019.08.16"]
[EventType "swiss"]
[EventRounds "9"]
[EventCountry "CAN"]

1. e4 e5 2. Nf3 Nf6 3. d3 Nc6 4. Nc3 Bc5 5. Be2 h6 6. O-O O-O 7. a3 d6 8. Na4
Bb6 9. Nxb6 axb6 10. c4 Ne8 11. d4 exd4 12. Nxd4 Nxd4 13. Qxd4 Qf6 14. Qe3 Qe7
15. Bd2 f5 16. f3 Nf6 17. Bd3 fxe4 18. fxe4 Ng4 19. Rxf8+ Qxf8 20. Qg3 Ne5 21.
Be2 Kh7 22. Rf1 Qe7 23. Bc3 Bd7 24. Bh5 Be8 25. Qh3 Bd7 26. Qg3 Be8 27. Bxe5
dxe5 1/2-1/2

[Event "NAYCC U14"]
[Site "Kingston CAN"]
[Date "2019.08.16"]
[Round "1.1"]
[White "Zong, Davis"]
[Black "Zhao, Jeffrey Renfei"]
[Result "0-1"]
[WhiteElo "2263"]
[BlackElo "1999"]
[PlyCount "120"]
[EventDate "2019.08.16"]
[EventType "swiss"]
[EventRounds "9"]
[EventCountry "CAN"]

1. d4 d5 2. c4 e6 3. Nc3 Be7 4. Nf3 Nf6 5. Bg5 h6 6. Bh4 O-O 7. e3 Nbd7 8. Bd3
b6 9. O-O Bb7 10. Qe2 c5 11. Rfd1 Re8 12. Rac1 Rc8 13. Ne5 cxd4 14. exd4 dxc4
15. Bxc4 Nd5 16. Bxe7 Rxe7 17. Ne4 N7f6 18. Nxf6+ Nxf6 19. Rc3 Ne4 20. Rcc1 Nd6
21. Ba6 Bxa6 22. Qxa6 Rcc7 23. Rxc7 Qxc7 24. g3 Qc2 25. Rd3 Rc7 26. b3 Ne4 27.
Rf3 Qd1+ 28. Kg2 Qxd4 29. Qb5 Nd6 30. Qe2 Qd5 31. Nd3 Ne4 32. Nf4 Qc6 33. h4 g5
34. Nh5 g4 35. Qxe4 gxf3+ 36. Kxf3 Qxe4+ 37. Kxe4 Rc2 38. Nf6+ Kg7 39. Nh5+ Kf8
40. f4 Rxa2 41. Kd4 f5 42. g4 fxg4 43. Ng3 Rh2 44. Ke5 Kf7 45. f5 exf5 46. Nxf5
Re2+ 47. Kf4 Rf2+ 48. Kxg4 h5+ 49. Kg5 Rxf5+ 50. Kxf5 a5 51. Ke5 b5 52. Kd5 a4
53. bxa4 bxa4 54. Kc4 Kf6 55. Kb4 Kf5 56. Kxa4 Kg4 57. Kb3 Kxh4 58. Kc2 Kg3 59.
Kd1 Kg2 60. Ke2 h4 0-1

[Event "NAYCC U14"]
[Site "Kingston CAN"]
[Date "2019.08.16"]
[Round "1.112"]
[White "Xing, Larrance"]
[Black "Tanaka, Tyler"]
[Result "0-1"]
[WhiteElo "1746"]
[BlackElo "2227"]
[PlyCount "132"]
[EventDate "2019.08.16"]
[EventType "swiss"]
[EventRounds "9"]
[EventCountry "CAN"]

1. e4 c5 2. Nc3 Nc6 3. g3 g6 4. Bg2 Bg7 5. d3 d6 6. Be3 Rb8 7. Nge2 Nd4 8. Rb1
b5 9. O-O b4 10. Nd5 e6 11. Ndf4 e5 12. Nd5 Nf6 13. Bg5 h6 14. Bxf6 Bxf6 15.
Nxf6+ Qxf6 16. Nxd4 cxd4 17. c4 O-O 18. f4 Bd7 19. a3 Kg7 20. Qd2 a5 21. h3 Rb6
22. b3 Rbb8 23. a4 Rbe8 24. Rf3 Qe7 25. f5 gxf5 26. exf5 Qg5 27. Qxg5+ hxg5 28.
Rf2 Kf6 29. g4 Rh8 30. Kh2 Rc8 31. Re1 Bc6 32. Be4 Rhd8 33. Rc2 Bd7 34. Rec1
Rc5 35. Bb7 Rb8 36. Be4 Rh8 37. Kg3 Bc6 38. Kg2 Ba8 39. Kg3 d5 40. Bxd5 Bxd5
41. cxd5 Rc3 42. Rxc3 bxc3 43. Kf3 Rxh3+ 44. Ke2 Re3+ 45. Kf2 Rxd3 46. d6 Rd2+
47. Kf3 c2 48. Rh1 Rh2 49. Rxh2 c1=Q 50. Rh6+ Kg7 51. d7 Qc7 52. Ra6 Qxd7 53.
f6+ Kg8 54. Rxa5 Qb7+ 55. Kg3 Qxb3+ 56. Kg2 Qc2+ 57. Kf1 Qd1+ 58. Kf2 Qd2+ 59.
Kf1 Qxa5 60. Ke2 e4 61. Kd1 Qxa4+ 62. Ke2 Qc2+ 63. Ke1 d3 64. Kf1 Qe2+ 65. Kg1
d2 66. Kh1 d1=R# 0-1

[Event "NAYCC U14"]
[Site "Kingston CAN"]
[Date "2019.08.16"]
[Round "1.113"]
[White "Kang, Dorian"]
[Black "Liu, Harrison"]
[Result "1-0"]
[WhiteElo "2209"]
[BlackElo "1684"]
[PlyCount "109"]
[EventDate "2019.08.16"]
[EventType "swiss"]
[EventRounds "9"]
[EventCountry "CAN"]

1. e4 d5 2. exd5 Nf6 3. d4 Nxd5 4. c4 Nb6 5. Nc3 e5 6. d5 c6 7. a3 Bc5 8. Nf3
Bg4 9. Be2 Bxf3 10. Bxf3 Nxc4 11. Qe2 Nb6 12. Qxe5+ Qe7 13. Qxe7+ Bxe7 14. O-O
O-O 15. Re1 Bf6 16. Rb1 cxd5 17. Nxd5 Nxd5 18. Bxd5 Nc6 19. Be3 Rfd8 20. Red1
Rd7 21. Be4 Rad8 22. Rxd7 Rxd7 23. b4 Nd4 24. Kf1 Nb5 25. Rc1 Nc3 26. Bf3 b6
27. Rc2 g6 28. Bd2 Rc7 29. Bc1 Kg7 30. Bb2 Nb5 31. Rxc7 Nxc7 32. Bc1 Nb5 33.
Ke2 Nd4+ 34. Kd3 Nxf3 35. gxf3 Be5 36. h3 b5 37. Ke4 Kf6 38. Kd5 Kf5 39. Kc5 a6
40. Kb6 Bf4 41. Bxf4 Kxf4 42. Kxa6 Kxf3 43. Kxb5 Kxf2 44. a4 Kg3 45. a5 Kxh3
46. a6 f5 47. a7 g5 48. a8=Q f4 49. Qf3+ Kh2 50. Qg4 h5 51. Qxh5+ Kg3 52. Qxg5+
Kf3 53. Kc4 Ke4 54. Qg2+ f3 55. Qf2 1-0

[Event "NAYCC U14"]
[Site "Kingston CAN"]
[Date "2019.08.16"]
[Round "1.114"]
[White "Stoilov, Vadym"]
[Black "Putnam, Liam Henry"]
[Result "0-1"]
[WhiteElo "1626"]
[BlackElo "2252"]
[PlyCount "88"]
[EventDate "2019.08.16"]
[EventType "swiss"]
[EventRounds "9"]
[EventCountry "CAN"]

1. e4 e5 2. Nf3 Nc6 3. Bb5 a6 4. Ba4 Nf6 5. d3 b5 6. Bb3 Bc5 7. O-O O-O 8. h3
Bb7 9. Re1 h6 10. Nbd2 Re8 11. c3 d6 12. Nf1 Ne7 13. Ng3 Ng6 14. Nh2 d5 15. Ng4
dxe4 16. dxe4 Nxg4 17. Qxg4 Qf6 18. Be3 Bxe3 19. Rxe3 Qg5 20. Qxg5 hxg5 21. Rd1
Bc6 22. Red3 Nf4 23. R3d2 g6 24. f3 a5 25. a3 b4 26. Kf2 a4 27. Bc4 bxc3 28.
bxc3 Ra5 29. Rb1 Kf8 30. Ne2 Rc5 31. Rb4 Nxe2 32. Kxe2 Rxc4 33. Rxc4 Bb5 34.
Kf2 Bxc4 35. Rd7 c6 36. Rc7 Bb5 37. c4 Bxc4 38. Rxc6 Bb3 39. Rc5 Rd8 40. Rxe5
Rd2+ 41. Kg3 Ra2 42. Rxg5 Rxa3 43. Rb5 Ra1 44. Rb7 Be6 0-1

[Event "NAYCC U14"]
[Site "Kingston CAN"]
[Date "2019.08.16"]
[Round "1.115"]
[White "Oberoi, Shelev"]
[Black "Joseph Benher, Savio"]
[Result "1-0"]
[WhiteElo "2140"]
[BlackElo "2033"]
[PlyCount "85"]
[EventDate "2019.08.16"]
[EventType "swiss"]
[EventRounds "9"]
[EventCountry "CAN"]

1. e4 e6 2. d4 d5 3. Nc3 Bb4 4. e5 b6 5. a3 Bf8 6. Qg4 Ba6 7. Nce2 Qd7 8. f4 h5
9. Qg3 Ne7 10. Nf3 g6 11. Qf2 Nf5 12. g3 Nc6 13. h3 O-O-O 14. Bd2 Kb7 15. Bg2
Bxe2 16. Kxe2 h4 17. gxh4 Be7 18. Bc3 Bxh4 19. Nxh4 Rxh4 20. Rad1 Nce7 21. Kd2
g5 22. fxg5 Ng6 23. Kc1 Qe7 24. Kb1 Qxg5 25. Rhg1 Qe3 26. Qf1 Rf4 27. Qd3 Qxd3
28. Rxd3 Rh8 29. Bf3 c6 30. Bg4 Nh6 31. Bxe6 fxe6 32. Rxg6 Nf5 33. Rxe6 Rf1+
34. Ka2 Rh1 35. Rf3 Nh4 36. Rf7+ Ka6 37. Ree7 Ra8 38. e6 Rxh3 39. Rh7 Nf5 40.
Rxh3 Nxe7 41. Bb4 Nf5 42. e7 Nxd4 43. c3 1-0

[Event "NAYCC U14"]
[Site "Kingston CAN"]
[Date "2019.08.16"]
[Round "1.116"]
[White "Li, Kevin"]
[Black "Zheng, Richard Qinghe"]
[Result "0-1"]
[WhiteElo "1912"]
[BlackElo "2180"]
[PlyCount "72"]
[EventDate "2019.08.16"]
[EventType "swiss"]
[EventRounds "9"]
[EventCountry "CAN"]

1. e4 c6 2. d4 d5 3. Nc3 dxe4 4. Nxe4 Nf6 5. Nxf6+ exf6 6. Bd3 Qxd4 7. Nf3 Qd8
8. O-O Be7 9. Nh4 Be6 10. Re1 Qd5 11. c4 Qd7 12. Qe2 Na6 13. Nf5 O-O-O 14.
Nxe7+ Qxe7 15. a3 Qd7 16. Bc2 Rhe8 17. Be3 Kb8 18. b4 Nc7 19. a4 Bf5 20. b5
Bxc2 21. Qxc2 Ne6 22. Qc3 c5 23. Qa5 Qd6 24. h3 f5 25. Qc3 f4 26. Bc1 Nd4 27.
Ra2 f3 28. Be3 Qe5 29. Qc1 Ka8 30. Qa3 Ne2+ 31. Kh1 fxg2+ 32. Kxg2 Nf4+ 33.
Bxf4 Qxe1 34. Bg3 Rd1 35. Bh2 Qf1+ 36. Kf3 Rd3+ 0-1

[Event "NAYCC U14"]
[Site "Kingston CAN"]
[Date "2019.08.16"]
[Round "1.117"]
[White "Shubin, Daniel"]
[Black "Jeyakumar, Bhavatharshan"]
[Result "0-1"]
[WhiteElo "2041"]
[BlackElo "1731"]
[PlyCount "62"]
[EventDate "2019.08.16"]
[EventType "swiss"]
[EventRounds "9"]
[EventCountry "CAN"]

1. e4 c5 2. Nf3 d6 3. d4 cxd4 4. Nxd4 Nf6 5. Nc3 g6 6. Be3 Bg7 7. Bc4 O-O 8. h3
a6 9. a4 Nc6 10. Bb3 Bd7 11. O-O Rc8 12. f4 e5 13. Nf3 Qe7 14. Qe2 Nh5 15. Nd5
Qe8 16. Qd3 exf4 17. Nxf4 Ng3 18. Rfe1 Nb4 19. Qxd6 Nxc2 20. Bxc2 Rxc2 21. Bf2
Rxf2 22. Kxf2 Nxe4+ 23. Rxe4 Qxe4 24. Qxd7 Qxf4 25. Qxb7 Rb8 26. Qxa6 Bd4+ 27.
Kf1 Rxb2 28. Qc8+ Kg7 29. Qc4 Rf2+ 30. Kg1 Rxf3+ 31. Kh1 Bxa1 0-1

[Event "NAYCC U14"]
[Site "Kingston CAN"]
[Date "2019.08.16"]
[Round "1.118"]
[White "Li, Wing"]
[Black "Wu, Tony (Dongze)"]
[Result "0-1"]
[WhiteElo "1619"]
[BlackElo "2127"]
[PlyCount "104"]
[EventDate "2019.08.16"]
[EventType "swiss"]
[EventRounds "9"]
[EventCountry "CAN"]

1. d4 Nf6 2. c4 b6 3. Nf3 e6 4. Nc3 Bb4 5. Qc2 Bb7 6. a3 Bxc3+ 7. bxc3 d6 8.
Bg5 Nbd7 9. e3 h6 10. Bh4 O-O 11. Be2 e5 12. O-O Be4 13. Qa2 Qe8 14. Nd2 g5 15.
Bg3 Bg6 16. Rfd1 Kg7 17. Nb3 Ne4 18. Qb2 f5 19. h3 exd4 20. exd4 f4 21. Bh2
Nxc3 22. Qxc3 Qxe2 23. Rd2 Qe4 24. c5 dxc5 25. dxc5+ Nf6 26. cxb6 cxb6 27. Rd7+
Rf7 28. Rxf7+ Bxf7 29. Re1 Rc8 30. Qd2 Qc2 31. Qxc2 Rxc2 32. Nd4 Ra2 33. g3 f3
34. g4 Kg6 35. Bd6 Bd5 36. Nf5 Re2 37. Rf1 Bc4 38. Rc1 b5 39. Bc5 Nd7 40. Bxa7
Ne5 41. Nd6 Nd3 42. Rb1 Rb2 43. Rxb2 Nxb2 44. Nxc4 Nxc4 45. Bc5 Nd2 46. Kh2 h5
47. Be3 Ne4 48. Kg1 hxg4 49. hxg4 Nf6 50. Kh2 Nxg4+ 51. Kg3 Nxe3 52. fxe3 g4
0-1

[Event "NAYCC U14"]
[Site "Kingston CAN"]
[Date "2019.08.16"]
[Round "1.120"]
[White "Liu, Harry"]
[Black "Hu, Merric"]
[Result "0-1"]
[WhiteElo "1735"]
[BlackElo "2215"]
[PlyCount "66"]
[EventDate "2019.08.16"]
[EventType "swiss"]
[EventRounds "9"]
[EventCountry "CAN"]

1. e4 c5 2. Nf3 Nc6 3. Bb5 g6 4. Bxc6 dxc6 5. d3 Bg7 6. h3 e5 7. Be3 Qe7 8. a4
Nf6 9. a5 O-O 10. Nc3 Re8 11. Nd2 Be6 12. O-O Rad8 13. Qe2 Nd7 14. Na4 f5 15.
f4 Bf7 16. Qf2 exf4 17. Bxf4 g5 18. Rae1 gxf4 19. Qxf4 Qe5 20. Qxf5 Qd4+ 21.
Qf2 Be6 22. Qxd4 cxd4 23. Nf3 b5 24. axb6 axb6 25. b3 b5 26. Nb2 Ne5 27. Nh4 c5
28. Nd1 Ra8 29. Nf2 Ra2 30. Nf5 Rxc2 31. b4 cxb4 32. Nxd4 Rxf2 33. Rxf2 Nxd3
0-1

[Event "NAYCC U14"]
[Site "Kingston CAN"]
[Date "2019.08.16"]
[Round "1.121"]
[White "Doknjas, Neil"]
[Black "Yang, Henry"]
[Result "1-0"]
[WhiteElo "2083"]
[BlackElo "1527"]
[PlyCount "73"]
[EventDate "2019.08.16"]
[EventType "swiss"]
[EventRounds "9"]
[EventCountry "CAN"]

1. e4 e5 2. Nf3 Nc6 3. d4 exd4 4. Nxd4 Bc5 5. Be3 Qf6 6. c3 Nge7 7. Bc4 b6 8.
O-O O-O 9. f4 d5 10. e5 Qh6 11. Bd3 Nxe5 12. Be2 N5c6 13. Qd2 Bxd4 14. cxd4 Qd6
15. Nc3 Bb7 16. f5 f6 17. Bf4 Qd7 18. g4 Rfe8 19. Rac1 Rac8 20. Bg3 a6 21. g5
Rf8 22. Bg4 Nd8 23. gxf6 Rxf6 24. Be5 Rf7 25. Qg2 Nec6 26. Qh3 Nxe5 27. dxe5
Qe8 28. f6 Rb8 29. e6 Rxf6 30. Rxf6 gxf6 31. Bf5 Qe7 32. Kf2 d4 33. Rg1+ Kh8
34. Qg4 Nc6 35. Nd5 Qf8 36. Qh4 h6 37. Rg6 1-0

[Event "NAYCC U14"]
[Site "Kingston CAN"]
[Date "2019.08.16"]
[Round "1.122"]
[White "Albury, Noah"]
[Black "Tu, Lewis"]
[Result "0-1"]
[WhiteElo "1508"]
[BlackElo "1937"]
[PlyCount "140"]
[EventDate "2019.08.16"]
[EventType "swiss"]
[EventRounds "9"]
[EventCountry "CAN"]

1. e4 c5 2. Nc3 Nc6 3. f4 g6 4. Nf3 Bg7 5. Bc4 e6 6. f5 Nge7 7. fxe6 dxe6 8. d3
O-O 9. Be3 Nd4 10. Qd2 Nec6 11. a3 a6 12. O-O b5 13. Ba2 Bb7 14. Bh6 b4 15.
Bxg7 Kxg7 16. Ne2 Nxe2+ 17. Qxe2 Nd4 18. Qf2 Nxf3+ 19. Qxf3 Qd4+ 20. Qf2 Qxb2
21. Rfb1 Qc3 22. axb4 cxb4 23. Qb6 Rab8 24. Qxb4 Qxc2 25. Qb2+ Qxb2 26. Rxb2
Bc6 27. Rc2 Bb5 28. Bc4 Rfd8 29. Bxb5 axb5 30. Rd2 Rd4 31. Kf2 b4 32. Rb1 Rc8
33. Rb3 e5 34. Ke3 Kf6 35. Rf2+ Ke6 36. g4 Rc7 37. Rfb2 Rb7 38. Rc2 Kd6 39. Rc8
f6 40. Rd8+ Rd7 41. Rb8 Kc5 42. Rc8+ Kb5 43. Rf8 Ka4 44. Rb1 Rxd3+ 45. Ke2 Rd2+
46. Ke1 R2d4 47. Kf2 Rxe4 48. Rxf6 Rf4+ 49. Rxf4 exf4 50. Kf3 g5 51. Ke4 Ka3
52. Kf5 h6 53. Kg6 Rd6+ 54. Kf5 b3 55. Ke5 Rd2 56. Rh1 b2 57. Ke4 Rc2 58. Kd3
Rc1 59. Rxc1 bxc1=Q 60. Kd4 f3 61. Kd3 f2 62. Kd4 f1=R 63. Kd3 Rf3+ 64. Ke4
Qe3+ 65. Kd5 Rf4 66. Kd6 Rd4+ 67. Kc6 Qc3+ 68. Kb6 Rb4+ 69. Ka6 Qc6+ 70. Ka7
Qb7# 0-1

[Event "NAYCC U14"]
[Site "Kingston CAN"]
[Date "2019.08.16"]
[Round "1.123"]
[White "Zhang, Kevin2"]
[Black "Wei, Hunter"]
[Result "1-0"]
[WhiteElo "1795"]
[BlackElo "1530"]
[PlyCount "65"]
[EventDate "2019.08.16"]
[EventType "swiss"]
[EventRounds "9"]
[EventCountry "CAN"]

1. e4 e5 2. Nf3 Nc6 3. Nc3 Nf6 4. d4 exd4 5. Nxd4 Bb4 6. Nxc6 bxc6 7. Bd3 O-O
8. O-O d6 9. Bg5 Qe7 10. Qf3 Qe5 11. Bf4 Qd4 12. Ne2 Qb6 13. c3 Bc5 14. b4 Bg4
15. bxc5 Qb2 16. Qe3 Rfe8 17. f3 Be6 18. a4 Qb7 19. Rab1 Qc8 20. cxd6 cxd6 21.
Bxd6 Qd7 22. Be5 Rad8 23. Bxf6 gxf6 24. Rfd1 Bf5 25. Qh6 Bg6 26. Nf4 Qe7 27.
Kh1 Qe5 28. Nxg6 fxg6 29. Rb7 Re7 30. Bc4+ Qd5 31. Bxd5+ cxd5 32. Rxe7 dxe4 33.
Qg7# 1-0

[Event "NAYCC U14"]
[Site "Kingston CAN"]
[Date "2019.08.16"]
[Round "1.124"]
[White "Vijendra, Vinushan"]
[Black "Li, Dennis"]
[Result "1/2-1/2"]
[WhiteElo "1474"]
[BlackElo "2151"]
[PlyCount "101"]
[EventDate "2019.08.16"]
[EventType "swiss"]
[EventRounds "9"]
[EventCountry "CAN"]

1. e4 c5 2. Nf3 d6 3. d4 cxd4 4. Nxd4 Nf6 5. Nc3 g6 6. Be3 Bg7 7. Be2 a6 8. f3
Nbd7 9. Qd2 h5 10. h4 b5 11. a3 Bb7 12. O-O Rc8 13. Rad1 Nb6 14. Na2 Qc7 15. c3
d5 16. e5 Ng8 17. e6 f5 18. Bf4 Be5 19. Bxe5 Qxe5 20. Qg5 Qf6 21. Nb4 Rh7 22.
Bd3 Na4 23. Rf2 Nc5 24. Re2 Rd8 25. Bc2 Rd6 26. Nd3 Nxd3 27. Bxd3 Kf8 28. Bb1
Qg7 29. Bxf5 gxf5 30. Qxg7+ Rxg7 31. Nxf5 Rg6 32. Nxd6 exd6 33. Rd4 Ke7 34. Rf4
Nh6 35. a4 Bc6 36. axb5 Bxb5 37. Re1 Bc6 38. Kf2 Bb7 39. Rb4 Bc8 40. Rd4 Rxe6
41. Rxd5 Rxe1 42. Kxe1 Nf5 43. Kf2 Ke6 44. Ra5 d5 45. Ra4 Ke5 46. Ra1 Kd6 47.
b4 Ne7 48. Rd1 Kc6 49. Re1 Kd6 50. Rd1 Nc6 51. Ke3 1/2-1/2

[Event "NAYCC U14"]
[Site "Kingston CAN"]
[Date "2019.08.16"]
[Round "1.125"]
[White "Wu, Eric"]
[Black "Chakkoli, Anirud"]
[Result "1-0"]
[WhiteElo "2080"]
[BlackElo "1769"]
[PlyCount "73"]
[EventDate "2019.08.16"]
[EventType "swiss"]
[EventRounds "9"]
[EventCountry "CAN"]

1. e4 c5 2. Nf3 d6 3. d4 cxd4 4. Nxd4 Nf6 5. Nc3 a6 6. Be3 Ng4 7. Bg5 h6 8. Bh4
g5 9. Bg3 Bg7 10. Qd2 Qb6 11. O-O-O Nc6 12. Nb3 Be6 13. Nd5 Bxd5 14. exd5 Nb4
15. a3 a5 16. axb4 a4 17. Nd4 a3 18. bxa3 Rxa3 19. Kb2 O-O 20. Kxa3 Qa7+ 21.
Kb2 Ra8 22. c3 Qa2+ 23. Kc1 Qa1+ 24. Kc2 Ra2+ 25. Kb3 Ra3+ 26. Kc4 Rxc3+ 27.
Qxc3 Qxd1 28. Qd3 Qa4 29. Qb3 Qa8 30. Be2 Nf6 31. Kd3 Qa6+ 32. b5 Qb6 33. Nf5
Nd7 34. Rc1 Bf8 35. Qc4 Nc5+ 36. Kc2 e6 37. dxe6 1-0

[Event "NAYCC U14"]
[Site "Kingston CAN"]
[Date "2019.08.16"]
[Round "1.126"]
[White "Yoker, Callum"]
[Black "Ivanescu, Mark"]
[Result "0-1"]
[WhiteElo "1345"]
[BlackElo "1985"]
[PlyCount "106"]
[EventDate "2019.08.16"]
[EventType "swiss"]
[EventRounds "9"]
[EventCountry "CAN"]

1. d4 Nf6 2. Nc3 g6 3. e4 d6 4. f4 Bg7 5. Nf3 O-O 6. e5 dxe5 7. fxe5 Nfd7 8.
Bc4 Nb6 9. Bb3 Bg4 10. O-O e6 11. Ne4 Nc6 12. c3 Nd7 13. h3 Bxf3 14. Qxf3 Na5
15. Bg5 Qc8 16. Qf4 Nc6 17. Qh4 a5 18. Bh6 a4 19. Bc2 Qd8 20. Nf6+ Nxf6 21.
exf6 Bh8 22. Bxf8 Qxf8 23. Qg5 Ra5 24. Qg3 Qd8 25. Qf4 Na7 26. b4 axb3 27. axb3
Rxa1 28. Rxa1 Nb5 29. c4 Bxf6 30. Kh1 Nxd4 31. Rf1 Nxc2 32. Qxf6 Qxf6 33. Rxf6
Nd4 34. Rf1 Nxb3 35. Rb1 Nc5 36. Kg1 f5 37. Rb5 b6 38. Rb1 e5 39. Ra1 Kf7 40.
Ra7 Ne6 41. Kf2 Ke7 42. Ke3 Kd6 43. Ra8 Kc5 44. Re8 Nd4 45. Rxe5+ Kxc4 46. Re7
c5 47. Rxh7 Kc3 48. Rg7 b5 49. Rxg6 b4 50. h4 b3 51. Rb6 Nc2+ 52. Kf4 Nb4 53.
Re6 b2 0-1

[Event "NAYCC U14"]
[Site "Kingston CAN"]
[Date "2019.08.16"]
[Round "1.127"]
[White "Huang, Ryan"]
[Black "Wang, Eric"]
[Result "1-0"]
[WhiteElo "2024"]
[BlackElo "1554"]
[PlyCount "53"]
[EventDate "2019.08.16"]
[EventType "swiss"]
[EventRounds "9"]
[EventCountry "CAN"]

1. d4 d5 2. c4 e6 3. Nc3 Nf6 4. cxd5 exd5 5. Bg5 Be7 6. e3 c6 7. Bd3 h6 8. Bh4
O-O 9. Nge2 Re8 10. Qc2 Nbd7 11. O-O Ne4 12. Bxe7 Qxe7 13. Rae1 Ndf6 14. f3
Nxc3 15. Nxc3 Qd6 16. Qf2 Be6 17. h3 Qd7 18. e4 dxe4 19. fxe4 Rad8 20. d5 Qc7
21. dxe6 Rxd3 22. e5 Rxe6 23. exf6 Rxf6 24. Qe2 Qb6+ 25. Kh1 Rxf1+ 26. Qxf1 Rd7
27. Re8+ 1-0